00471nam a2200193 a 4500001001300000003000900013005001700022008004100039020000900080082001600089100001900105245002700124260003200151300000900183500003500192505001200227650001900239700001900258nice12345678IN_TiNIC20260116012113.0050524s0000 lona grp 000 0 per  ac1000a891.51bATA aAtabki, Parvez aKuliyat-E-Obaid Zakani aLondon bNo Publisherc0000 a383p aincludes index and biblioraphy2 aIndexes aPersian Poetry1 aAtabki, Parvez